On This Day: October 7th II Quiz Stats

 Plays Quiz Updated Oct 7, 2018

Score 0/7 Timer 03:00
0 Plays Today
Question Answer Wrong Answers
A gubernatorial recall election is held in this US state. Governor Gray Davis is recalled and Arnold Schwarzenegger becomes governor.
2003
California
94.8%
Texas
1.1%
Florida
2%
New York
0.7%
This English businessman and producer, known for his blunt and sometimes controversial comments as a judge on ‘American Idol’, is born.
1959
Simon Cowell
93.9%
Howie Mandel
0.8%
Randy Jackson
1.1%
Piers Morgan
3.4%
With the abdication of his father, Willem II becomes King of the ______.
1840
Netherlands
87.4%
Franks
9%
Papal States
2%
Two Sicilies
1.5%
Georgia Tech defeats Cumberland University 222-0 in the most lopsided college ______ game in American history.
1916
Football
67.8%
Basketball
27.6%
Rugby
3.1%
Hockey
1.4%
Walter Payton passes this man to becomes the NFL’s career rushing yards leader.
1984
Jim Brown
60.1%
Gale Sayers
19.7%
Eric Dickerson
10.8%
Floyd Little
8%
This man becomes the first British Prime Minister to address the United States Congress.
1929
Ramsay MacDonald
23.7%
Neville Chamberlain
41%
Winston Churchill
26.1%
Harold Macmillan
9.1%
______ succeeds Mao Zedong as Chairman of the Central Committee of the Communist Party of China.
1976
Hua Guofeng
14.8%
Hu Jintao
19.9%
Xi Jinping
57.5%
Bo Xilai
6.6%

You're not logged in!

Compare scores with friends on all Sporcle quizzes.
OR
Log In

Sporcle TV

Today on Sporcle TV


Watch our educational content, quiz creation guides, and fun videos on Sporcle TV.

Show Comments

Extras

Top Quizzes Today


Score Distribution

Your Account Isn't Verified!

In order to create a playlist on Sporcle, you need to verify the email address you used during registration. Go to your Sporcle Settings to finish the process.

Report this User

Report this user for behavior that violates our Community Guidelines.

Details: